Southville International School and Colleges
Your cart is empty.
  • Cart
  • Lists
    Public lists Eva Luna New books Lux_list list_1
    Your lists Log in to create your own lists
  • Log in to your account
  • Your cookies
  • Search history
Southville International School and Colleges
  • Advanced search
  • Recent comments
  • Most popular
  • Libraries

Log in to your account

Log in with GOOGLE


If you do not have an external account, but do have a local account, you can still log in:

  1. Home
  2. MARC view: Interchange : reading and writing critically
Normal view MARC view ISBD view

Interchange : reading and writing critically (Record no. 365461)

[ view plain ]
MARC details
000 -LEADER
fixed length control field 00628nam a22001937a 4500
003 - CONTROL NUMBER IDENTIFIER
control field 0
005 - DATE AND TIME OF LATEST TRANSACTION
control field 20231002121217.0
008 - FIXED-LENGTH DATA ELEMENTS--GENERAL INFORMATION
fixed length control field 231002b xxu||||| |||| 00| 0 eng d
020 ## - INTERNATIONAL STANDARD BOOK NUMBER
International Standard Book Number 978-0-17-676468-5
050 ## - LIBRARY OF CONGRESS CALL NUMBER
Classification number PE 1408
Item number .C37 2020
100 ## - MAIN ENTRY--PERSONAL NAME
Personal name Carter, Christine Evans
245 ## - TITLE STATEMENT
Title Interchange : reading and writing critically
Statement of responsibility, etc Christine Evans Carter
260 ## - PUBLICATION, DISTRIBUTION, ETC. (IMPRINT)
Place of publication, distribution, etc Ontario
Name of publisher, distributor, etc Nelson Education Ltd.
Date of publication, distribution, etc c2020.
300 ## - PHYSICAL DESCRIPTION
Extent xvi, 332 pages ;
Dimensions 26 cm.
500 ## - GENERAL NOTE
General note English language -- Rhetoric.
504 ## - BIBLIOGRAPHY, ETC. NOTE
Bibliography, etc Includes bibliographical references and index.
650 ## - SUBJECT ADDED ENTRY--TOPICAL TERM
Topical term or geographic name as entry element English language -- Rhetoric.
942 ## - ADDED ENTRY ELEMENTS (KOHA)
Source of classification or shelving scheme Library of Congress Classification
Koha item type Books
Holdings
Withdrawn status Lost status Source of classification or shelving scheme Damaged status Home library Current library Shelving location Date acquired Source of acquisition Sub Shelving location Total Checkouts Full call number Barcode Date last seen Price effective from Koha item type
    Library of Congress Classification   College Library College Library Reserve Section 10/02/2023 Library Fund     PE 1408 .C37 2020 C23056 10/02/2023 10/02/2023 Books

Interchange : reading and writing critically

APA

Carter C. E., . (2020). Interchange : reading and writing critically. Ontario: Nelson Education Ltd.

Chicago

Carter Christine Evans, . 2020. Interchange : reading and writing critically. Ontario: Nelson Education Ltd.

Harvard

Carter C. E., . (2020). Interchange : reading and writing critically. Ontario: Nelson Education Ltd.

MLA

Carter Christine Evans, . Interchange : reading and writing critically. Ontario: Nelson Education Ltd. 2020.

  • Place hold
  • Print
  • Cite
  • Add to your cart (remove)
  • Save record
    BIBTEX Dublin Core MARCXML MARC (non-Unicode/MARC-8) MARC (Unicode/UTF-8) MARC (Unicode/UTF-8, Standard) MODS (XML) RIS
  • More searches
    Search for this title in:
    Other Libraries (WorldCat) Other Databases (Google Scholar) Online Stores (Bookfinder.com) Open Library (openlibrary.org)

Exporting to Dublin Core...

SOUTHVILLE LIBRARY

Southville International School and Colleges Library

1281 Tropical Ave. Cor. Luxembourg St., BF Homes International, Las Pinas City

Tel. No. 8256374 / 252358 Loc. 117/146

Powered by Koha